Statistics for Words Ending In -MEN or -MAN

Click here to take the quiz!

General Stats

  • This quiz has been taken 33 times
  • The average score is 18 of 23

Answer Stats

Hint-MEN/-MAN Words% Correct
Word uttered at the end of a prayer or hymn, meaning ‘so be it.’Amen
93%
Language spoken in DeutschlandGerman
93%
Julius Caesar's nationalityRoman
93%
Girls grown upWomen
93%
Country bordering Saudia ArabiaYemen
93%
A first-year student at a university, college, or high school.Freshman
87%
An event regarded as a portent of good or evilOmen
83%
Caliphate that controlled Southeastern Europe, Western Asia, and Northern Africa for 600 years{Ottoman} Empire
83%
SailorsSeamen
83%
A character in The Wizard of OzThe Tinman
83%
Membrane in females traditionally believed to be a mark of virginityHymen
80%
Robert Downy Jr. characterIronman
80%
Male reproductive fluidSemen
80%
Homo SapienHuman
77%
Film noir classic starring Lana Turner and John GarfieldThe {Postman} Always Rings Twice
77%
Stereotype of primitive men in the Paleolithic eraCavemen
70%
Asian noodlesRamen
70%
Capital of JordanAmman
63%
Basketball player and Kim Jong-un pal...Dennis {Rodman}
63%
Mythical creature used by adults to frighten children into good behaviorBoogeyman
60%
Head, Thorax...Abdomen
53%
An opera in four acts by French composer Georges BizetCarmen
53%
In traditional cultures, a person who acts as intermediary between the natural and supernatural worldsShaman
50%

Score Distribution

Percentile by Number Answered

Percent of People with Each Score

Your Score History

You have not taken this quiz